| 000 | 00473nam a2200145Ia 4500 | ||
|---|---|---|---|
| 008 | 191111s9999 xx 000 0 und d | ||
| 020 | _a9781975117757 | ||
| 100 | _aMarquis, Bessie L. | ||
| 245 |
_cBessie L. Marquis.-- _aLeadership roles and management functions in nursing : _btheory and application / |
||
| 250 | _a9th ed | ||
| 260 |
_aUSA : _bWolters Kluwer _c2017 |
||
| 300 | _axxxiv, 734 pages. | ||
| 650 | _aleadership | ||
| 650 | _aNursing services -- administration | ||
| 999 |
_c362666 _d362666 |
||